| 000 | 00335nam a22001217a 4500 | ||
|---|---|---|---|
| 082 | _a671.732 FIE'E | ||
| 100 |
_aWEILL, A. DUDLEY,FIELD, SAMUEL _958221 |
||
| 245 | _aELECTRO PLATING A STUDY OF MODERN PRACTICE INCLUDING THE ANALYSIS OF SOLUTION | ||
| 250 | _a6TH | ||
| 260 |
_aLONDON _bSIR ISAAC _c1943 |
||
| 300 | _a546P | ||
| 942 | _cBK | ||
| 999 |
_c568420 _d568420 |
||